Stemmi Squadre di calcio dal dettaglio - Quiz n°1 - Statistics

Statistiche generali
  • Questo quiz è stato fatto 36 volte
  • Il punteggio medio è 6 su 10
Statistiche sulle risposte
con Immagini Risposta % Corretto
Benfica
94%
Leicester City
91%
Juventus
88%
Everton
82%
Sparta Rotterdam
71%
Pumas
41%
Blackpool
32%
Portsmouth
32%
Goiás
12%
Universidad de Chile
12%
Nessun quiz corrispondente trovato
Distribuzione punteggi
Percentuale di utenti per punteggio
Percentile per numero di risposta
I tuoi punteggi nel tempo
Non hai fatto questo quiz